000 00538nam a2200217Ia 4500
999 _c40835
_d40835
003 0100
005 20171018093653.0
008 130303s9999 xx 000 0 und d
040 _cARRUPELIB
050 _aB765.T54C139 1964
100 _aCajetan
_937198
245 _aCommentary on being and essence
245 _b(in de ente et essentia d. Thomas Aquinatis)
260 _aMilwaukee
260 _bMarquette University Press
300 _a355p.
300 _b 23cm
600 _aThomas Aquinas, St.
_xOn theory and essence
_937199
700 _aKendzierski, Lottie H
_937200
942 0 0 _02
_2lcc
_cMONOGRAPH